| 000 | 00985nam a2200289Ia 4500 | ||
|---|---|---|---|
| 001 | Para_2722 | ||
| 003 | CHAP | ||
| 008 | 220125s1932 xx 000 0 und d | ||
| 010 | _a201316 | ||
| 040 | _cCHAP | ||
| 082 | _aPA-C 595.77 D5 | ||
| 100 |
_aDove, W. E. _934096 |
||
| 245 |
_aThe salt marsh sand fly problem / _c W. E. Dove, D. G. Hall and J. B. Hull |
||
| 300 | _a23 p. | ||
| 440 |
_aDiptera; 1 _9166205 |
||
| 500 | _aSobretiro de: Annals entomological society of América 25: 505 - 527, 1932. Encuadernado con: Key to gall midges (A resume of studies I-VII, itonididae) / by Ephraim Porter Felt 70-208 | ||
| 650 |
_aDipteros _x Colecciones de escritos Colicoides _9166216 |
||
| 700 |
_aHall, D. G. _952305 |
||
| 700 |
_aHull, J. B. _956847 |
||
| 901 | _aPA-C 595.77 D5 | ||
| 902 | _aA | ||
| 905 | _a0000001932 0000000000 00 | ||
| 910 | _a1932 | ||
| 942 | _cPARA | ||
| 942 |
_cPARA _d1 |
||
| 999 |
_c201316 _d201316 |
||